000 00348nam a2200145Ia 4500
003 GCL
008 140319s9999 xx 000 0 eng d
040 _aGCL /
_cGCL
082 0 4 _a027
_bG M
245 1 0 _aMANGEMENT OF LIBRARY ADMINISTRATION
260 _a[S.N] :
_bCOMMONWEATH PUBLISHERS
300 _a374
650 0 4 _aLIBRARIES
942 _2ddc
_cBK
999 _c10625
_d10625